Diccionario de la Lengua Española (Registro nro. 4)
[ vista simple ]
| 000 -Cabecera | |
|---|---|
| Campo de control de longitud fija | 00495nam a22001937a 4500 |
| 005 - Fecha y hora de la última transacción | |
| Campo de control | 20250219135408.0 |
| 008 - Elementos de longitud fija--Información general | |
| Campo de control de longitud fija | 130725b2014 xxu||||| |||| 00| 0 eng d |
| 041 ## - Idioma | |
| Código de idioma | Español |
| 082 ## - Clasificación Decimal Dewey | |
| Número de clasificación | R 463 R288d23 |
| 110 ## - Entrada principal--Autor corporativo | |
| Nombre de entidad corporativa | Real Academia Española |
| 245 ## - Título propiamente dicho | |
| Título | Diccionario de la Lengua Española |
| 250 ## - Edición | |
| Mención de edición | 23 edición |
| 260 ## - Pie de imprenta | |
| Lugar de publicación, distribución, etc. | España |
| Nombre del editor, distribuidor, etc. | Real Academia Española |
| Fecha de publicación, distribución, etc. | 2014 |
| 300 ## - Descripción física | |
| Extensión | 2309 páginas |
| 650 ## - Materia general | |
| Temática (materia general) | LENGUA ESPAÑOLA |
| 650 ## - Materia general | |
| Temática (materia general) | ESPAÑOL |
| 650 ## - Materia general | |
| Temática (materia general) | DICCIONARIOS |
| 942 ## - Punto de acceso adicional KOHA | |
| Tipo de ítem KOHA | Referencia |
| Fuente del sistema de clasificación o colocación | Dewey Decimal Classification |
| Signatura completa | Código de barras | Tipo de ítem |
|---|---|---|
| R 463 R288d23 | 19114 | Referencia |